| 000 | 00617nam a2200217Ia 4500 | ||
|---|---|---|---|
| 005 | 20230819115913.0 | ||
| 008 | 131103s9999 xx 000 0 und d | ||
| 040 | _aLoreto College | ||
| 041 | _aEnglish | ||
| 082 |
_a912.3 _bMAC |
||
| 100 | _aMcEvedy,Colin | ||
| 245 | 4 |
_aThe Penguin Atlas of Ancient History _cColin McEvedy;drawn by John Woodcock |
|
| 260 |
_aHarmondsworth _bPenguin Book Ltd. _c1967 (1968 printing) |
||
| 300 |
_a96 p. _b illus.,maps |
||
| 504 | _aIncludes index | ||
| 650 | _aGeography | ||
| 651 | _aAncient World - Geography | ||
| 700 | _aWoodcock,John | ||
| 850 | _aLCLIB | ||
| 942 | _cBK | ||
| 999 |
_c12938 _d63417 |
||